| 000 | 00633 a2200181 4500 | ||
|---|---|---|---|
| 999 |
_c8913 _d8913 |
||
| 020 | _a9781849464406 | ||
| 050 | 0 | 0 | _aKJE 2245 EUR 2013 |
| 100 |
_aVeil, Rudiger _eeditor |
||
| 245 | 1 | 0 |
_aEuropean capital markets law / _c |
| 264 | 1 |
_aOxford : _aPortland, Oregon : _bHart Publishing, _c2013 |
|
| 300 | _axliv, 512p.; | ||
| 500 | _aIncludes bibliographical references and index | ||
| 504 | _aIncludes bibliographical references and index | ||
| 650 | 0 |
_aCapital market _xLaw and legislation |
|
| 650 | 0 |
_aFinancial institutions _xLaw and legislation |
|
| 700 | 1 |
_aAhmling, Rebecca _etranslator |
|
| 942 |
_2lcc _cBK _i2245 _kKJE |
||